000 00598nam a2200217 a 4500
008
020 _a0750637552 (pbk.)
049 _aMAIN
090 _aTK6565.A6CAR
100 _aCarr, Joseph J.
245 0 _aAntenna toolkit/
_cJoseph J. Carr.
260 _aOxford :
_bNewnes,
_cc1997
300 _aix, 215 p. :
_bill. ;
_c24 cm.
500 _aIncludes index.
650 _aElectronic and electrical engineering.
907 _a.b1016909x
_b24-08-05
_c21-07-05
003
005 20230123134038.0
040 _cNUST
942 _cBOOKS
_kTK6565.A6CAR
999 _c159083
_d159083